| 000 | 01044cab a2200325 4500 | ||
|---|---|---|---|
| 001 | WB2945-04 | ||
| 008 | 090401t1993 xxu||||| |||| 00| 0 eng d | ||
| 035 | _a(Sirsi) u34749 | ||
| 041 | _aeng | ||
| 245 | _aSubcontractors and negligence | ||
| 260 | _c1993 | ||
| 350 | _a0 | ||
| 490 |
_aEstates Gazette _v(9347) 27 November 1993, 138(1) |
||
| 520 | _aDiscusses whether contractor`s indemnity insurance for fire risk covers claims caused by negligence by the subcontractor by reference to case law. | ||
| 650 | _aBUILT ENVIRONMENT-BUILDING CONTRACT FORMS | ||
| 650 | _aDUTY OF CARE | ||
| 650 | _aFIRE | ||
| 650 | _aINDEMNITY INSURANCE | ||
| 650 | _aLIABILITY | ||
| 650 | _aNATIONAL TRUST V HADEN YOUNG LTD | ||
| 650 | _aNEGLIGENCE | ||
| 650 | _aNORWICH CC V HARVEY | ||
| 650 | _aSCOTTISH SPECIAL HOUSING ASSOCIATION | ||
| 650 | _aSUBCONTRACTORS | ||
| 650 | _aWIMPEY CONSTRUCTION UK LTD | ||
| 690 | _aBUILT ENVIRONMENT-BUILDING CONTRACT FORMS | ||
| 690 | _aPROFESSIONAL PRACTICE | ||
| 942 | _n0 | ||
| 948 | _c04/03/1997 | ||
| 999 |
_c22953 _d22953 |
||